000 00891nam a2200193Ii 4500
003 JO-AjNU
008 230605s9999||||xx |||||||||||||| ||und||
040 _aJO-AjNU
_bara
_erda
_cJO-AjNU
041 _aara
050 1 4 _aLC903.M67 1991
100 3 _aتحرير ملكاوي، فتحي حسن,
_eauthor
_952297
245 0 0 _aبحوث المؤتمر التربوي الجزء الثاني: مؤتمر نحو بناء نظرية تربوية إسامية معاصرة؛ عمان/ المملكة الأردنية الهاشمية 2-5محرم 1411هـ 24-27تموز(يوليو) 1990م
264 3 1 _aعمان: الشركة الجديدة للطباعة والنشر، 1991
300 _a598ص
336 _atext
_btxt
_2rdacontent
337 _aunmediated
_bn
_2rdamedia
338 _avolume
_bnc
_2rdacarrier
650 4 _aالتربية الإسلامية - مؤتمرات - أبحاث
_952298
999 _aA23158
_c26726
_d26726